[Event "3eme Open International de La Fere"]
[Site "La Fere (FRA)"]
[Date "2004.??.??"]
[Round "5.15"]
[White "Vinsot, Robin-Gael"]
[Black "Leuw, Micha"]
[Result "0-1"]
[WhiteElo "2078"]
[BlackElo "2193"]
[PlyCount "76"]
[EventDate "2004.??.??"]

1. Nf3 Nf6 2. c4 g6 3. Nc3 d5 4. d4 Bg7 5. Qb3 dxc4 6. Qxc4 O-O 7. e4 Nc6 8. d5
Na5 9. Qa4 c6 10. Bg5 cxd5 11. Rd1 Bd7 12. Bb5 Bxb5 13. Qxb5 Qb6 14. Qxb6 axb6
15. exd5 h6 16. Bh4 g5 17. Bg3 Nc4 18. b3 Nh5 19. Nd4 Nxg3 20. hxg3 Nd6 21. a4
Rac8 22. Ncb5 Nxb5 23. Nxb5 Rfd8 24. O-O Rc5 25. d6 e6 26. Rc1 Rc6 27. Rc4 Rxc4
28. bxc4 Kf8 29. f4 Ke8 30. f5 e5 31. f6 Bf8 32. Rd1 Kd7 33. Rd5 Ke6 34. Nc7+
Kxf6 35. Rb5 Kf5 36. Rxb6 Bxd6 37. Rxb7 Rd7 38. Nb5 Bc5+ 0-1

[Event "3eme Open International de La Fere"]
[Site "La Fere (FRA)"]
[Date "2004.??.??"]
[Round "5.17"]
[White "Molenaar, Joseph"]
[Black "Bouguettouche, Didier"]
[Result "1-0"]
[WhiteElo "2171"]
[BlackElo "1499"]
[PlyCount "43"]
[EventDate "2004.??.??"]

1. d4 d5 2. c4 dxc4 3. e4 c5 4. d5 b5 5. a4 b4 6. Bxc4 e5 7. Nf3 Bg4 8. d6 Qxd6
9. Qxd6 Bxd6 10. Bd5 Nf6 11. Bxa8 O-O 12. O-O Nbd7 13. Bc6 Rc8 14. Bxd7 Nxd7
15. Be3 Nf6 16. h3 Bd7 17. Nbd2 Bb8 18. Rfc1 Bd6 19. Nc4 Nxe4 20. Nxd6 Nxd6 21.
Rd1 Rc6 22. Nxe5 1-0

[Event "3eme Open International de La Fere"]
[Site "La Fere (FRA)"]
[Date "2004.??.??"]
[Round "5.18"]
[White "Coquelle, Gilbert"]
[Black "Radulski, Julian"]
[Result "0-1"]
[WhiteElo "1720"]
[BlackElo "2513"]
[PlyCount "86"]
[EventDate "2004.??.??"]

1. d4 d5 2. c4 e6 3. Nf3 Nf6 4. Bg5 Be7 5. Nc3 O-O 6. e3 Nbd7 7. Be2 a6 8. h3
dxc4 9. Bxc4 b5 10. Be2 Bb7 11. O-O h6 12. Bh4 c5 13. dxc5 Nxc5 14. Qxd8 Rfxd8
15. Rad1 b4 16. Nb1 Nce4 17. Bxf6 Bxf6 18. b3 a5 19. Rxd8+ Rxd8 20. Rd1 Rc8 21.
Bc4 Kf8 22. Rd7 Nc5 23. Rd1 Na4 24. Ne1 Nb2 25. Rc1 Nxc4 26. bxc4 Ba6 27. Nd2
Bc3 28. Nef3 Bxc4 29. Nxc4 Rxc4 30. Kf1 Rc7 31. Ke2 Rd7 32. Rd1 Rxd1 33. Kxd1
Ke7 34. Kc2 Kd6 35. Kb3 Kd5 36. a3 Ke4 37. axb4 axb4 38. Kc2 f5 39. Nd2+ Bxd2
40. Kxd2 Kd5 41. Kd3 e5 42. g3 e4+ 43. Kd2 Kc4 0-1

[Event "3eme Open International de La Fere"]
[Site "La Fere (FRA)"]
[Date "2004.??.??"]
[Round "5.19"]
[White "Pytel, Bozena"]
[Black "Levin, Felix"]
[Result "0-1"]
[WhiteElo "2023"]
[BlackElo "2506"]
[PlyCount "91"]
[EventDate "2004.??.??"]

1. Nf3 Nf6 2. d4 c5 3. c3 Qc7 4. Nbd2 d5 5. e3 g6 6. Bd3 Bg7 7. O-O Nbd7 8. e4
cxd4 9. cxd4 dxe4 10. Nxe4 Nxe4 11. Bxe4 Nf6 12. Bc2 O-O 13. Bg5 Be6 14. Bb3
Bxb3 15. Qxb3 e6 16. Rac1 Qb6 17. Qxb6 axb6 18. a3 Nd5 19. Rc2 f6 20. Be3 g5
21. h3 h5 22. g3 Kf7 23. Nd2 Kg6 24. Nf3 Rfc8 25. Rfc1 Rxc2 26. Rxc2 Bf8 27.
Bc1 b5 28. Nd2 g4 29. hxg4 hxg4 30. Nb3 b6 31. Rc6 Kf5 32. Kg2 Ra7 33. Rc8 Bd6
34. Rc6 Be7 35. f3 Rc7 36. fxg4+ Kxg4 37. Rxc7 Nxc7 38. Bf4 Nd5 39. Bc1 Bd6 40.
Nd2 Bxg3 41. Ne4 Bf4 42. Bxf4 Kxf4 43. Nd6 b4 44. axb4 Ke3 45. Nb5 f5 46. Kf1
0-1

[Event "3eme Open International de La Fere"]
[Site "La Fere (FRA)"]
[Date "2004.??.??"]
[Round "5.21"]
[White "Barnier, Christophe"]
[Black "Pytel, Krzysztof"]
[Result "0-1"]
[WhiteElo "2008"]
[BlackElo "2416"]
[PlyCount "53"]
[EventDate "2004.??.??"]

1. d4 Nf6 2. Nf3 g6 3. Bf4 d6 4. h3 Bg7 5. e3 O-O 6. Be2 c5 7. c3 cxd4 8. exd4
Nc6 9. O-O Bf5 10. Nbd2 Nd5 11. Bh2 e5 12. dxe5 dxe5 13. Nb3 Nc7 14. Qc1 Qe7
15. Bc4 b5 16. Be2 Rab8 17. Qe3 b4 18. c4 Rfd8 19. Rfd1 f6 20. Nc5 Bf8 21. Ne4
Ne6 22. Rd5 Ned4 23. Rxd8 Rxd8 24. Nxd4 exd4 25. Nxf6+ Qxf6 26. Qf3 d3 27. Bd1
0-1

[Event "3eme Open International de La Fere"]
[Site "La Fere (FRA)"]
[Date "2004.??.??"]
[Round "5.22"]
[White "Gharamian, Tigran"]
[Black "Dumortier, Thierry"]
[Result "1-0"]
[WhiteElo "2398"]
[BlackElo "2019"]
[PlyCount "69"]
[EventDate "2004.??.??"]

1. e4 Nf6 2. e5 Nd5 3. d4 d6 4. Nf3 g6 5. Bc4 c6 6. O-O Bg7 7. exd6 Qxd6 8. Re1
O-O 9. Nbd2 Bg4 10. c3 Nb6 11. Bb3 Na6 12. Ne4 Qd7 13. h3 Bxf3 14. Qxf3 Qf5 15.
Qxf5 gxf5 16. Nc5 Nxc5 17. dxc5 Nc8 18. Bg5 e6 19. Ba4 h6 20. Bh4 Re8 21. Rad1
Ne7 22. Rd7 Ng6 23. Bg3 Re7 24. Red1 Rae8 25. Rxe7 Rxe7 26. Rd8+ Nf8 27. Bd6
Rd7 28. Ra8 a6 29. Bb3 h5 30. Kf1 Bh6 31. Ke1 Bc1 32. Rxf8+ Kg7 33. Rb8 Bxb2
34. Kd2 Ba3 35. Kc2 1-0

[Event "3eme Open International de La Fere"]
[Site "La Fere (FRA)"]
[Date "2004.??.??"]
[Round "5.23"]
[White "De Lange, Hans"]
[Black "Sebe-Vodislav, Florian-George"]
[Result "0-1"]
[WhiteElo "1900"]
[BlackElo "2298"]
[PlyCount "118"]
[EventDate "2004.??.??"]

1. e4 c6 2. Nc3 d5 3. Nf3 Bg4 4. h3 Bxf3 5. Qxf3 e6 6. exd5 cxd5 7. d4 Nc6 8.
Be3 Nf6 9. Bb5 Rc8 10. O-O a6 11. Bd3 Nb4 12. Bg5 Nxd3 13. Qxd3 Bd6 14. Ne2 h6
15. Bf4 Bxf4 16. Nxf4 Qd6 17. Ne2 O-O 18. Rac1 b5 19. c3 Ne4 20. Ng3 Nxg3 21.
Qxg3 Qxg3 22. fxg3 Rc4 23. g4 Rfc8 24. a3 a5 25. Rcd1 b4 26. axb4 axb4 27. cxb4
Rc2 28. Rb1 Rd2 29. Rf2 Rxd4 30. b5 Rb4 31. Ra1 Rxb5 32. Ra7 Rf8 33. Re2 Rfb8
34. Rf2 R5b7 35. Rxb7 Rxb7 36. Rc2 f6 37. Kf2 e5 38. Rd2 d4 39. Kf3 Kf7 40. Ke4
Kg6 41. h4 Rb3 42. Kd5 Kf7 43. g5 Rb5+ 44. Kc4 Rb7 45. gxh6 gxh6 46. b4 Ke6 47.
b5 Rc7+ 48. Kb4 Kd5 49. b6 Rb7 50. Kb5 e4 51. Ka6 Rb8 52. Ka7 e3 53. Rb2 Rg8
54. b7 d3 55. b8=Q Rxb8 56. Rxb8 e2 57. Rd8+ Kc4 58. Re8 Kc3 59. Re4 Kd2 0-1

[Event "3eme Open International de La Fere"]
[Site "La Fere (FRA)"]
[Date "2004.??.??"]
[Round "5.24"]
[White "Bogza, Adina-Maria"]
[Black "Petitpas, Steven"]
[Result "1-0"]
[WhiteElo "2291"]
[BlackElo "1900"]
[PlyCount "53"]
[EventDate "2004.??.??"]

1. Nf3 Nf6 2. g3 g6 3. Bg2 Bg7 4. d4 d5 5. O-O O-O 6. c4 c6 7. b3 e6 8. Qc2
Nbd7 9. Bb2 b6 10. Nbd2 Bb7 11. Rad1 c5 12. Qb1 Rc8 13. e3 Qc7 14. Rc1 Qb8 15.
Rfd1 Rfd8 16. Ne1 dxc4 17. bxc4 Bxg2 18. Nxg2 Re8 19. Qa1 Qb7 20. d5 b5 21.
dxe6 fxe6 22. cxb5 Qxb5 23. Nc4 Qc6 24. Rd6 Qa4 25. Nf4 Rc6 26. Rxd7 Nxd7 27.
Bxg7 1-0

[Event "3eme Open International de La Fere"]
[Site "La Fere (FRA)"]
[Date "2004.??.??"]
[Round "5.25"]
[White "Delescluse, Philippe"]
[Black "Visser, Henk-Jan"]
[Result "0-1"]
[WhiteElo "1880"]
[BlackElo "2243"]
[PlyCount "66"]
[EventDate "2004.??.??"]

1. e4 c5 2. Nf3 d6 3. d4 cxd4 4. Nxd4 Nf6 5. Nc3 a6 6. Be3 e5 7. Nb3 Be6 8. f3
Nbd7 9. Qd2 b5 10. g4 Nb6 11. Bd3 Rc8 12. Ne2 Nc4 13. Bxc4 bxc4 14. Nbc1 Be7
15. Ng3 c3 16. bxc3 g6 17. h4 h5 18. g5 Nd7 19. Nb3 Qc7 20. Ne2 Nb6 21. Bxb6
Qxb6 22. f4 Rc4 23. Qd3 Ra4 24. Rf1 O-O 25. f5 Bc4 26. Qf3 d5 27. f6 dxe4 28.
Qxe4 Ba3 29. Qxe5 Bb5 30. Nbd4 Re8 31. Qh2 Rxd4 32. cxd4 Qxd4 33. Rd1 Bb4+ 0-1

[Event "3eme Open International de La Fere"]
[Site "La Fere (FRA)"]
[Date "2004.??.??"]
[Round "5.26"]
[White "Lesot, Jeremy"]
[Black "Platel, Alexandre"]
[Result "0-1"]
[WhiteElo "1870"]
[BlackElo "2145"]
[PlyCount "130"]
[EventDate "2004.??.??"]

1. e4 e5 2. Nf3 Nc6 3. Bb5 a6 4. Bxc6 dxc6 5. d4 exd4 6. Qxd4 Qxd4 7. Nxd4 c5
8. Nb3 Be6 9. Be3 b6 10. Nc3 O-O-O 11. O-O f6 12. Rad1 Bd6 13. Nd5 Kb7 14. Rd2
Be5 15. Nf4 Rxd2 16. Bxd2 Bf7 17. c3 Ne7 18. Nc1 Rd8 19. Be3 Bc4 20. Re1 g5 21.
Nh5 Ng6 22. g3 Bf7 23. Ng7 Kc6 24. f3 b5 25. Kf2 b4 26. cxb4 cxb4 27. b3 Bc3
28. Rf1 Ne5 29. Ke2 h6 30. f4 Ng4 31. h3 Nxe3 32. Kxe3 gxf4+ 33. gxf4 Bd4+ 34.
Ke2 Rg8 35. Nf5 Bh5+ 36. Kd3 Bc5 37. Ne2 Bxe2+ 38. Kxe2 Rg2+ 39. Kf3 Rxa2 40.
Kg4 Re2 41. Nxh6 Rxe4 42. Nf5 Re2 43. h4 a5 44. h5 Rh2 45. Nh4 Bf8 46. Nf3 Rb2
47. Kf5 Kb7 48. Nd4 c5 49. Ne6 Rxb3 50. Nxf8 Rh3 51. Kg6 a4 52. Nd7 Kc6 53.
Nxf6 a3 54. h6 b3 55. Nh5 Rd3 56. h7 Rd8 57. Nf6 Rh8 58. Kg7 Rxh7+ 59. Nxh7 b2
60. f5 a2 61. f6 a1=Q 62. Rxa1 bxa1=Q 63. Kg6 Qb1+ 64. Kh6 Qf5 65. Kg7 c4 0-1

[Event "3eme Open International de La Fere"]
[Site "La Fere (FRA)"]
[Date "2004.??.??"]
[Round "5.27"]
[White "Bardoux, Thierry"]
[Black "Delescluse, Oriane"]
[Result "1-0"]
[WhiteElo "2120"]
[BlackElo "1640"]
[PlyCount "29"]
[EventDate "2004.??.??"]

1. d4 d5 2. Nf3 Nc6 3. c4 e6 4. Nc3 Nf6 5. Bg5 Be7 6. e3 b6 7. cxd5 exd5 8. Bb5
Bb7 9. Qa4 O-O 10. Bxc6 Bxc6 11. Qxc6 Qd6 12. Qxd6 cxd6 13. Bxf6 Bxf6 14. Nxd5
Bd8 15. Rc1 1-0

[Event "3eme Open International de La Fere"]
[Site "La Fere (FRA)"]
[Date "2004.??.??"]
[Round "5.28"]
[White "Benmenni, Boubekeur"]
[Black "Maufroid, Loic"]
[Result "0-1"]
[WhiteElo "1830"]
[BlackElo "2120"]
[PlyCount "68"]
[EventDate "2004.??.??"]

1. e4 c5 2. Nf3 d6 3. Bb5+ Bd7 4. Bxd7+ Nxd7 5. O-O Ngf6 6. Nc3 g6 7. d3 Bg7 8.
h3 O-O 9. Be3 Qa5 10. Qd2 Rfe8 11. Bh6 Bh8 12. Ne2 Qb6 13. c3 c4 14. Ng3 cxd3
15. Qxd3 Qxb2 16. Rfb1 Qa3 17. Be3 b6 18. Nd4 Rac8 19. Rb3 Qa5 20. Nb5 Ne5 21.
Qc2 Nc4 22. Qd3 Nd7 23. Nd4 Nde5 24. Qe2 Nxe3 25. Qxe3 Rc7 26. f4 Nc4 27. Qf2
Qc5 28. Rb5 Bxd4 29. cxd4 Qxb5 30. f5 Na3 31. Rf1 Rf8 32. h4 Rc2 33. Qf3 Nc4
34. Qf4 Qb2 0-1

[Event "3eme Open International de La Fere"]
[Site "La Fere (FRA)"]
[Date "2004.??.??"]
[Round "5.29"]
[White "Laval, Brice"]
[Black "Soriano, Jean-Claude"]
[Result "1-0"]
[WhiteElo "2106"]
[BlackElo "1560"]
[PlyCount "123"]
[EventDate "2004.??.??"]

1. e4 e5 2. Nf3 Nc6 3. c3 Nf6 4. d4 exd4 5. e5 Nd5 6. Bc4 Nb6 7. Bd3 dxc3 8.
O-O d6 9. exd6 Bxd6 10. Re1+ Be6 11. Nxc3 Qd7 12. a4 O-O-O 13. a5 Nc4 14. a6
Bxh2+ 15. Nxh2 Qxd3 16. axb7+ Kxb7 17. Qa4 Nb6 18. Qa3 Ra8 19. Re3 Qc4 20. Ne4
Qb4 21. Qa6+ Kb8 22. Bd2 Bc4 23. Bxb4 Bxa6 24. Bc3 Bc4 25. Bxg7 Rg8 26. Bc3 Nd7
27. Nf3 Kb7 28. b3 Bb5 29. Rd1 Rad8 30. Rd5 a6 31. Neg5 Nf8 32. Rxd8 Nxd8 33.
Bf6 h6 34. Bxd8 hxg5 35. Bxg5 Ne6 36. Bh4 Nf4 37. g3 Bc6 38. Nd4 Bd5 39. Nf5
Ng6 40. Bf6 Rb8 41. b4 Ka8 42. Bc3 a5 43. bxa5 Rb1+ 44. Re1 Rxe1+ 45. Bxe1 Ka7
46. f4 Nf8 47. Kf2 Nd7 48. Ke3 Nb8 49. Kd4 Be6 50. Ne7 Kb7 51. f5 Bd7 52. f6
Nc6+ 53. Ke4 Ka6 54. Nd5 Nxa5 55. Nxc7+ Kb6 56. Bxa5+ Kxa5 57. Ke5 Kb6 58. Kd6
Bg4 59. Nd5+ Kb7 60. Nf4 Bd1 61. Ne6 Bg4 62. Nd8+ 1-0

[Event "3eme Open International de La Fere"]
[Site "La Fere (FRA)"]
[Date "2004.??.??"]
[Round "5.30"]
[White "Benoit, Sebastien"]
[Black "Trouville, Remi"]
[Result "0-1"]
[WhiteElo "1660"]
[BlackElo "2063"]
[PlyCount "50"]
[EventDate "2004.??.??"]

1. e4 c5 2. Nf3 d6 3. d4 cxd4 4. Nxd4 Nf6 5. Nc3 a6 6. Bg5 e6 7. Bc4 Qc7 8. Bb3
Nbd7 9. f3 b5 10. a3 Bb7 11. Qd2 Rc8 12. Be3 Nb6 13. Qe2 d5 14. exd5 Nfxd5 15.
Nxd5 Nxd5 16. O-O Nxe3 17. Qxe3 Bc5 18. Rfe1 O-O 19. Kh1 e5 20. Ne6 fxe6 21.
Bxe6+ Kh8 22. Qxe5 Qxe5 23. Rxe5 Rc7 24. Rae1 Bd4 25. Rh5 g6 0-1

[Event "3eme Open International de La Fere"]
[Site "La Fere (FRA)"]
[Date "2004.??.??"]
[Round "5.31"]
[White "Bielka, Samuel"]
[Black "Lapersonne, Patrick"]
[Result "1-0"]
[WhiteElo "2054"]
[BlackElo "1490"]
[PlyCount "59"]
[EventDate "2004.??.??"]

1. d4 Nf6 2. c4 g6 3. Nc3 Bg7 4. e4 d6 5. Nge2 O-O 6. Ng3 Nbd7 7. Be2 c5 8. d5
Nb6 9. O-O Ne8 10. Bd3 e6 11. Re1 exd5 12. exd5 f5 13. Qc2 Be5 14. f4 Bg7 15.
b3 Nf6 16. a4 a5 17. Bb2 Ng4 18. Nb5 Bxb2 19. Qxb2 Nf6 20. Re2 Rf7 21. Rae1 Qf8
22. Qd2 Bd7 23. Nc7 Ra7 24. Ne6 Bxe6 25. dxe6 Re7 26. Bxf5 Nc8 27. Be4 b6 28.
Bd5 Ng4 29. f5 Ne5 30. Rf1 1-0

[Event "3eme Open International de La Fere"]
[Site "La Fere (FRA)"]
[Date "2004.??.??"]
[Round "5.32"]
[White "Croenne, Olivier"]
[Black "Lambrescak, Philippe"]
[Result "1/2-1/2"]
[WhiteElo "2055"]
[BlackElo "1690"]
[PlyCount "42"]
[EventDate "2004.??.??"]

1. e4 d6 2. d4 Nf6 3. Nc3 c6 4. Bg5 g6 5. Qd2 Bg7 6. f4 O-O 7. O-O-O Re8 8. Kb1
b5 9. Bd3 Na6 10. Bxf6 exf6 11. h4 Bg4 12. Re1 Nb4 13. Be2 Qd7 14. Nh3 h5 15.
Nf2 Bxe2 16. Qxe2 f5 17. e5 a5 18. Rh3 Na6 19. Re3 Nc7 20. Qf3 d5 21. Nd3 Ne6
1/2-1/2

[Event "3eme Open International de La Fere"]
[Site "La Fere (FRA)"]
[Date "2004.??.??"]
[Round "5.33"]
[White "Dubois, Vincent"]
[Black "Waquet, Frederic"]
[Result "0-1"]
[WhiteElo "1690"]
[BlackElo "2055"]
[PlyCount "54"]
[EventDate "2004.??.??"]

1. e4 e6 2. d4 d5 3. e5 c5 4. c3 Qb6 5. Nf3 Nc6 6. Be2 cxd4 7. cxd4 Nh6 8. Na3
Bxa3 9. bxa3 Nf5 10. O-O Nfxd4 11. Nxd4 Qxd4 12. Qxd4 Nxd4 13. Bg4 h5 14. Bh3
Bd7 15. Kh1 Rc8 16. Be3 Nc2 17. Rac1 Nxe3 18. Rxc8+ Bxc8 19. fxe3 Bd7 20. Rc1
Bc6 21. g3 Rh6 22. Bf1 Rg6 23. Rb1 Rg5 24. Bb5 Kd7 25. Bxc6+ Kxc6 26. Rf1 Rxe5
27. Rxf7 g5 0-1

[Event "3eme Open International de La Fere"]
[Site "La Fere (FRA)"]
[Date "2004.??.??"]
[Round "5.34"]
[White "Molet, Asher"]
[Black "Dumenil, Jean-Francois"]
[Result "1-0"]
[WhiteElo "2019"]
[BlackElo "1670"]
[PlyCount "99"]
[EventDate "2004.??.??"]

1. d4 Nf6 2. Nf3 e6 3. Bg5 Be7 4. Nbd2 d5 5. e3 O-O 6. Bd3 Nbd7 7. c3 c5 8. Ne5
cxd4 9. exd4 Nxe5 10. dxe5 Nd7 11. Bf4 Bg5 12. Qh5 Bh6 13. Bxh6 gxh6 14. Qxh6
f5 15. Qxe6+ Kh8 16. Qxd5 Qg5 17. O-O-O Nb6 18. Qf3 Be6 19. Kb1 Rab8 20. Nb3
Nd7 21. Rhe1 a6 22. Nd4 Qg8 23. Nxe6 Qxe6 24. Qf4 b5 25. Bc2 Nc5 26. Rd6 Qg8
27. e6 Ne4 28. Bxe4 fxe4 29. Qe5+ Qg7 30. Qxg7+ Kxg7 31. e7 Rfe8 32. Rxe4 Rb7
33. Rde6 Kf7 34. g4 Rd7 35. Kc2 Rd5 36. f4 a5 37. R6e5 Rd6 38. g5 Rb6 39. f5 b4
40. cxb4 axb4 41. f6 Rc6+ 42. Kb3 Rd6 43. Re3 Rd2 44. Rh3 Kg6 45. Rh6+ Kf7 46.
Rxh7+ Kg6 47. Rg7+ Kh5 48. Re3 Rg2 49. f7 Rxg5 50. fxe8=Q+ 1-0

[Event "3eme Open International de La Fere"]
[Site "La Fere (FRA)"]
[Date "2004.??.??"]
[Round "5.35"]
[White "Longuemart, Jean-Paul"]
[Black "Bertrand, Eric"]
[Result "0-1"]
[WhiteElo "1680"]
[BlackElo "2012"]
[PlyCount "46"]
[EventDate "2004.??.??"]

1. e4 c5 2. Nc3 Nc6 3. g3 g6 4. Bg2 Bg7 5. f4 d6 6. d3 Nf6 7. Nf3 O-O 8. O-O
Bd7 9. e5 dxe5 10. Nxe5 Nxe5 11. fxe5 Ng4 12. Bxb7 Bxe5 13. Qf3 Bd4+ 14. Kg2
Ne5 15. Qf4 Rb8 16. Bd5 Bf5 17. h3 Bxc3 18. Be4 Bxe4+ 19. Qxe4 Rb4 20. Qe2 Qd5+
21. Kh2 Bxb2 22. Bxb2 Rxb2 23. Rae1 Nf3+ 0-1

[Event "3eme Open International de La Fere"]
[Site "La Fere (FRA)"]
[Date "2004.??.??"]
[Round "5.38"]
[White "Moulin, Serge"]
[Black "Feryn, Alexandre"]
[Result "1-0"]
[WhiteElo "1932"]
[BlackElo "1630"]
[PlyCount "54"]
[EventDate "2004.??.??"]

1. e4 e5 2. Nf3 Nc6 3. Bb5 a6 4. Bxc6 dxc6 5. O-O f6 6. d4 exd4 7. Nxd4 c5 8.
Ne2 Qxd1 9. Rxd1 Bg4 10. f3 Bd7 11. Nbc3 O-O-O 12. Be3 c4 13. Rd2 Bb4 14. a3
Bxc3 15. Nxc3 Ne7 16. Rad1 Ng6 17. Nd5 Bc6 18. f4 Rd7 19. Kf2 Re8 20. Rd4 b5
21. g3 Bb7 22. Nb6+ cxb6 23. Rxd7 Bxe4 24. Rxg7 Bxc2 25. Rd6 Bd3 26. Rc6+ Kb8
27. Rxb6+ Ka8 1-0

[Event "3eme Open International de La Fere"]
[Site "La Fere (FRA)"]
[Date "2004.??.??"]
[Round "5.40"]
[White "Hutin, Evgueny"]
[Black "Henon, Eric"]
[Result "1/2-1/2"]
[WhiteElo "1900"]
[BlackElo "1620"]
[PlyCount "58"]
[EventDate "2004.??.??"]

1. d4 e6 2. Nf3 Nf6 3. e3 c5 4. Bd3 Nc6 5. O-O cxd4 6. exd4 Nb4 7. Be2 Be7 8.
c3 Nc6 9. Nbd2 O-O 10. Bd3 b6 11. Qe2 Bb7 12. Ne4 h6 13. Nxf6+ Bxf6 14. Qe4 Re8
15. Re1 Rb8 16. d5 Ne7 17. Qh7+ Kf8 18. d6 Ng6 19. Bxg6 fxg6 20. Qxg6 e5 21.
Nd2 Re6 22. Qd3 e4 23. Nxe4 Qe8 24. f3 Qg6 25. Bf4 Rbe8 26. Kf2 Qh5 27. Qd2
Bxe4 28. g4 Bh4+ 29. Kg2 Bxe1 1/2-1/2

[Event "3eme Open International de La Fere"]
[Site "La Fere (FRA)"]
[Date "2004.??.??"]
[Round "6.1"]
[White "Afek, Yochanan"]
[Black "Malakhatko, Vadim"]
[Result "0-1"]
[WhiteElo "2325"]
[BlackElo "2555"]
[PlyCount "56"]
[EventDate "2004.??.??"]

1. e4 Nf6 2. Nc3 d5 3. e5 Nfd7 4. f4 e6 5. Nf3 c5 6. d4 Nc6 7. Ne2 b5 8. c3 b4
9. Be3 Rb8 10. g4 Qa5 11. c4 Nb6 12. cxd5 Nxd5 13. Kf2 Bb7 14. Bg2 Be7 15. Qd2
O-O 16. Kg3 Rbd8 17. Bf2 f6 18. Qc2 Qc7 19. Rad1 Ba6 20. Nfg1 fxe5 21. dxe5
Nxe5 22. Bxd5 exd5 23. fxe5 Qxe5+ 24. Kg2 d4 25. Ng3 Bb7+ 26. Kh3 Qg5 27. Nf5
h5 28. Nxe7+ Qxe7 0-1

[Event "3eme Open International de La Fere"]
[Site "La Fere (FRA)"]
[Date "2004.??.??"]
[Round "6.2"]
[White "Colin, Vincent"]
[Black "Bratanov, Zsivko"]
[Result "0-1"]
[WhiteElo "2389"]
[BlackElo "2432"]
[PlyCount "86"]
[EventDate "2004.??.??"]

1. d4 f5 2. g3 d6 3. Bg2 Nf6 4. Nf3 g6 5. c3 c6 6. Nbd2 Bg7 7. Qb3 Qb6 8. Nc4
Qc7 9. Ng5 Rf8 10. Nd2 d5 11. Ndf3 h6 12. Nh3 g5 13. Ne5 Be6 14. f3 Nbd7 15.
Nd3 O-O-O 16. Qa3 Kb8 17. Qxe7 Bf7 18. Qe3 Rfe8 19. Qf2 Re7 20. O-O Rde8 21.
Re1 Ka8 22. Bd2 Bg6 23. Qf1 Qb6 24. Nhf2 Ne4 25. Rad1 Nxd2 26. Rxd2 Qa5 27. Nc1
Nb6 28. e4 fxe4 29. fxe4 dxe4 30. Rde2 e3 31. Ng4 Nc4 32. Bf3 h5 33. Ne5 Bxe5
34. dxe5 g4 35. Bh1 Rf7 36. Qg2 Qxe5 37. b3 Rf2 38. bxc4 Rxg2+ 39. Bxg2 Qxc3
40. Nb3 Bd3 41. Rxe3 Qxe1+ 42. Rxe1 Rxe1+ 43. Kf2 Re2+ 0-1

[Event "3eme Open International de La Fere"]
[Site "La Fere (FRA)"]
[Date "2004.??.??"]
[Round "6.3"]
[White "Ciuksyte, Dagne"]
[Black "Van Der Weide, Karel"]
[Result "0-1"]
[WhiteElo "2338"]
[BlackElo "2471"]
[PlyCount "80"]
[EventDate "2004.??.??"]

1. e4 c5 2. Nf3 Nc6 3. d4 cxd4 4. Nxd4 Nf6 5. Nc3 d6 6. Bc4 e6 7. Be3 a6 8. Qe2
Bd7 9. a4 Rc8 10. O-O Qc7 11. Ba2 Ne5 12. Rae1 Be7 13. Kh1 Nc4 14. Bc1 Qc5 15.
Nb3 Qb4 16. f4 O-O 17. e5 Nd5 18. Nxd5 exd5 19. Nd4 Qxa4 20. Bb3 Qb4 21. e6
fxe6 22. Nxe6 Rf7 23. Qh5 Bxe6 24. Rxe6 b5 25. Rf3 Bf6 26. Rd3 d4 27. Qe2 Qc5
28. Rg3 b4 29. Qg4 Rcc7 30. f5 Rce7 31. Rf3 h5 32. Qh3 Rxe6 33. fxe6 Re7 34.
Rf1 Rxe6 35. Bd2 Qe5 36. Bxb4 d5 37. Qd3 Ne3 38. Re1 Qg5 39. Re2 Qf4 40. Re1
Be5 0-1

[Event "3eme Open International de La Fere"]
[Site "La Fere (FRA)"]
[Date "2004.??.??"]
[Round "6.5"]
[White "Karpatchev, Aleksandr"]
[Black "Quillan, Gary"]
[Result "1-0"]
[WhiteElo "2463"]
[BlackElo "2323"]
[PlyCount "51"]
[EventDate "2004.??.??"]

1. e4 e6 2. d4 d5 3. Nd2 Nf6 4. e5 Nfd7 5. c3 c5 6. Bd3 Nc6 7. Ndf3 cxd4 8.
cxd4 f6 9. exf6 Nxf6 10. Nh3 Bb4+ 11. Bd2 Bd6 12. O-O O-O 13. Re1 h6 14. Bc3
Ng4 15. Ne5 Ngxe5 16. dxe5 Bc5 17. Qg4 Ne7 18. Rac1 Nf5 19. Bd2 Be7 20. Re2 Qe8
21. Nf4 Qa4 22. Qg6 Qe8 23. Rxc8 Rxc8 24. Qxe6+ Rf7 25. Bxf5 Rc6 26. Qxd5 1-0

[Event "3eme Open International de La Fere"]
[Site "La Fere (FRA)"]
[Date "2004.??.??"]
[Round "6.6"]
[White "Gozzoli, Yannick"]
[Black "Laurent, Julien G"]
[Result "1-0"]
[WhiteElo "2429"]
[BlackElo "2212"]
[PlyCount "29"]
[EventDate "2004.??.??"]

1. e4 c5 2. Nc3 e6 3. Nf3 Nc6 4. Bb5 Nd4 5. Bc4 g6 6. O-O Bg7 7. Nxd4 cxd4 8.
Nb5 Qb6 9. c3 dxc3 10. dxc3 Be5 11. Be3 Qc6 12. Qd3 Ne7 13. Nd4 Qa4 14. b4 Bxd4
15. b5 1-0

[Event "3eme Open International de La Fere"]
[Site "La Fere (FRA)"]
[Date "2004.??.??"]
[Round "6.7"]
[White "Zozulia, Anna"]
[Black "Dobrev, Nanko"]
[Result "1-0"]
[WhiteElo "2324"]
[BlackElo "2415"]
[PlyCount "83"]
[EventDate "2004.??.??"]

1. e4 e5 2. Nf3 Nc6 3. Bb5 a6 4. Ba4 Nf6 5. O-O Be7 6. Re1 b5 7. Bb3 d6 8. c3
Na5 9. Bc2 c5 10. h3 O-O 11. d4 Qc7 12. Nbd2 cxd4 13. cxd4 Nc6 14. Nb3 a5 15.
Be3 a4 16. Nc1 Bd7 17. a3 Rac8 18. Bd3 Na5 19. Bd2 Nc4 20. Bc3 d5 21. Nxe5 dxe4
22. Nxc4 exd3 23. Ne3 Rfe8 24. Nxd3 Qd6 25. Ne5 Be6 26. Bb4 Qd8 27. Bxe7 Rxe7
28. Qd3 Rec7 29. Qxb5 Qxd4 30. Rad1 Qa7 31. Nc6 Qa8 32. Nd4 Rc5 33. Qe2 Bd7 34.
Qf3 Qb8 35. Nef5 Re8 36. Rxe8+ Qxe8 37. Nd6 Qb8 38. N4f5 Bxf5 39. Nxf5 Rb5 40.
Ne7+ Kh8 41. Re1 Rb3 42. Qf5 1-0

[Event "3eme Open International de La Fere"]
[Site "La Fere (FRA)"]
[Date "2004.??.??"]
[Round "6.8"]
[White "Oudot, Jean-Baptiste"]
[Black "Sebe-Vodislav, Razvan-Alexandru"]
[Result "0-1"]
[WhiteElo "2090"]
[BlackElo "2346"]
[PlyCount "56"]
[EventDate "2004.??.??"]

1. e4 c5 2. Nf3 d6 3. d4 cxd4 4. Nxd4 Nf6 5. Nc3 g6 6. Be3 Bg7 7. Be2 O-O 8. f4
Re8 9. Nb3 e5 10. fxe5 Rxe5 11. Bf4 Re8 12. Qd3 Nxe4 13. Nxe4 Bf5 14. Bf3 Bxb2
15. Rd1 d5 16. Qe2 Bxe4 17. Bxe4 Qe7 18. O-O Qxe4 19. Qf2 Qf5 20. Qg3 Nc6 21.
Bc1 Be5 22. Rxf5 Bxg3 23. Rfxd5 Bc7 24. Nc5 Bb6 25. Ba3 Rac8 26. Kf1 Ne7 27.
Nd7 Nxd5 28. Rxd5 Bd8 0-1

[Event "3eme Open International de La Fere"]
[Site "La Fere (FRA)"]
[Date "2004.??.??"]
[Round "6.10"]
[White "Radulski, Julian"]
[Black "Vernay, Clovis"]
[Result "1-0"]
[WhiteElo "2513"]
[BlackElo "2206"]
[PlyCount "87"]
[EventDate "2004.??.??"]

1. e4 e6 2. Qe2 c5 3. Nf3 Nc6 4. g3 g6 5. Bg2 Bg7 6. O-O Nge7 7. c3 b6 8. Re1
a5 9. d4 Ba6 10. Qd1 cxd4 11. cxd4 d5 12. exd5 Nxd5 13. Nc3 O-O 14. Bg5 Qd7 15.
Nxd5 exd5 16. Ne5 Nxe5 17. dxe5 Qf5 18. Be7 Rfe8 19. Qxd5 Rac8 20. Qd6 Rc2 21.
Qxb6 Bxe5 22. Be4 Rxb2 23. Qxb2 Bxb2 24. Bxf5 Bxa1 25. Bd7 Rxe7 26. Rxe7 Bc4
27. Re3 Bb2 28. Ba4 Bf6 29. Re8+ Kg7 30. Bb3 Bb5 31. Ra8 Bc3 32. a4 Bd7 33. Ra7
Be8 34. Re7 Kf8 35. Rc7 Bb4 36. Bc4 f5 37. Rxh7 Bxa4 38. Rf7+ Ke8 39. Rg7 Bc2
40. Rxg6 a4 41. Ra6 a3 42. h4 Be1 43. Kg2 Kd7 44. f3 1-0